000
00282nam a22001217a 4500
008
170615b xxu||||| |||| 00| 0 eng d
041
_a
eng
080
_a
328
100
_a
19
101
_a
SHP
245
_a
LEADER AND VANGUARD IN MASS SOCIETY
_c
KIRKPATRICK.J
942
_2
udc
_c
BK
999
_c
17444
_d
17444